000 00345 a2200133 4500
001 65805
040 _cAnchieta - Pituba
100 _aSuarez, Marília
240 1 0 _a2ª Avaliação de Redação e Expressão, 8º ano
_lpor
245 1 0 _a2ª Avaliação de Redação e Expressão, 8º ano
362 0 _a2018
650 4 _aRedação
942 _cBK
999 _c65805
_d65805